000 01058cam a2200289I 4500
001 10753
003 BD-RjUL
005 20211208235017.0
008 140125s1964 nyua b 00110 eng
035 _a(BD-RjUL)10802
040 _aDLC
_cWSU
_dBD-RjUL
_beng
041 _aeng
082 0 0 _a523.4
_bORI 1964
090 _aQB505
_bF64
245 0 4 _aThe origin and evolution of atmospheres and oceans /
_cedited by Peter J. Brancazio [and] A. G. W. Cameron.
260 _aNew York :
_bWiley,
_cc1964.
300 _axii, 314 p. :
_billus. ;
_c24 cm.
500 _a"Proceedings of a conference held at the Goddard Institute for Space Studies, National Aeronautics and Space Administration, New York, April 8-9, 1963."
504 _aIncludes bibliographies and index.
650 0 _aPlanets
_xAtmospheres.
_933004
650 0 _aOcean.
_933254
700 1 _aBrancazio, Peter J.
_933255
700 1 _aCameron, A. G. W.
_q(Alastair Graham Walter),
_d1925-
_933256
710 2 _aGoddard Institute for Space Studies.
_933257
942 _2ddc
_cBK
999 _c10753
_d10753